000 00536nam a2200217Ia 4500
005 20250219055041.0
008 240331s9999 xx 000 0 und d
020 _a0472102206
082 _bHAR
_21144
_a305.4
245 0 _aWomen and Reason
260 _bThe University of Michigan Press
_c1992
300 _a294 p.,
650 _aWomen
650 _aFeminist Methodology
650 _aPhysiology
650 _aPatriarchy
650 _aSocial Science
700 _aHarvey, E. D
_eedt
700 _aOkruhlik, K
_eedt
942 _cL
999 _c1738
_d1738